Tourism Europe, central European countries, Mediterranean countries

Enregistré dans:
Détails bibliographiques
Collectivités auteurs: European Commission, Eurostat
Format: Livre
Langue:anglais
Publié: Luxembourg Office for Official Publications of the European Communities 2003
Collection:Theme 4: Industry, trade and services,
Sujets:
Tags: Ajouter un tag
Pas de tags, Soyez le premier à ajouter un tag!

MARC

LEADER 00000nam$a2200000$$$4500
001 0036734
005 20240318114736.9
020 |a 92-894-6340-6 
041 0 |a eng 
044 |a LU 
245 1 0 |a Tourism  |b Europe, central European countries, Mediterranean countries 
264 1 |a Luxembourg  |b Office for Official Publications of the European Communities  |c 2003 
300 |a 48 s. 
490 1 |a Theme 4: Industry, trade and services, 
830 0 |a Theme 4: Industry, trade and services, 
610 2 0 |a turistika 
610 2 0 |a ruch cestovný 
610 2 0 |a údaje štatistické 
610 2 0 |a porovnanie štatistické medzinárodné 
610 2 0 |a Európa 
610 2 0 |a stredná Európa 
610 2 0 |a 2001-2002 
710 2 |a European Commission 
710 2 |a Eurostat